Pairs: things that go together - Statistics

General Stats
  • This quiz has been taken 950 times
  • The average score is 21 of 38
Answer Stats
Hint Answer % Correct
East and ... West
98%
Top and ... Bottom
94%
Lock and ... Key
73%
Mom and ... Dad
72%
Mac and ,,, Cheese
71%
Left and ... Right
71%
Peanut Butter and ... Jelly
68%
Cats and ... Dogs
67%
Question and ... Answer
66%
Fish and ... Chips
65%
Pros and ... Cons
64%
Adam and ... Eve
64%
Ladies and ... Gentlemen
64%
Bride and ... Groom
64%
Socks and ... Shoes
64%
Yin and ... Yang
64%
Bread and ... Butter
61%
Pen and ... Paper
60%
Heaven and ... Earth
58%
Sticks and ... Stones
57%
Hansel and ... Gretel
56%
Thunder and ... Lightning
56%
Knife and ... Fork
55%
Bed and ... Breakfast
52%
Moon and ... Stars
52%
Soap and ... Water
49%
Lemon and ... Lime
47%
Table and ... Chairs
46%
Coffee and ... Tea
46%
Nuts and ... Bolts
42%
Dollars and ... Cents
41%
Cain and ... Abel
40%
Ebony and ... Ivory
40%
Starsky and ... Hutch
36%
Heart and ... Soul
34%
Milk and ... Honey
33%
Soup and ... Salad
17%
The best and ... Brightest
9%
No matching quizzes found
Score Distribution
Percent of People with Each Score
Percentile by Number Answered
Your Score History
You have not taken this quiz